Fort fountain ballard estate information guide : 2008-2009.
| Format: | Book |
|---|---|
| Published: |
Mumbai:
Alpha Creation,
2008.
|
| Subjects: |
| LEADER | 00421cam a2200133 7i4500 | ||
|---|---|---|---|
| 001 | 0000025452 | ||
| 005 | 20101223090000.0 | ||
| 090 | 0 | 0 | |a INDA 338.7025 |b FOR |
| 245 | 0 | 0 | |a Fort fountain ballard estate information guide : |b 2008-2009. |
| 260 | 0 | 0 | |a Mumbai: |b Alpha Creation, |c 2008. |
| 300 | # | # | |a 154p. |
| 650 | 0 | 0 | |a Business -- |x Directories -- |z India |
| 651 | 0 | 0 | |a India |
| 999 | |a 0000025944 |b Directories |c Countries |e Business Information Centre | ||